Every Song by the Doobie Brothers - Statistics

General Stats
  • This quiz has been taken 5 times
  • The average score is 16 of 144
Answer Stats
Album Song % Correct
Toulouse Street(1972) Listen to the Music
75%
The Captain and Me(1973) Long Train Runnin'
75%
Takin' It to the Streets(1976) Takin' It to the Streets
75%
The Captain and Me(1973) The Captain and Me
75%
What Were Once Vices Are Now Habits(1974) Black Water
50%
The Captain and Me(1973) China Grove
50%
The Doobie Brothers(1971) Feelin' Down Farther
50%
The Doobie Brothers(1971) Greenwood Creek
50%
Livin' on the Fault Line(1977) Livin' on the Fault Line
50%
Minute by Minute(1978) Minute by Minute
50%
The Doobie Brothers(1971) | World Gone Crazy(2010) Nobody
50%
Toulouse Street(1972) Rockin' Down the Highway
50%
The Captain and Me(1973) South City Midnight Lady
50%
Toulouse Street(1972) Toulouse Street
50%
The Captain and Me(1973) Ukiah
50%
Takin' It to the Streets(1976) Wheels of Fortune
50%
Livin' on the Fault Line(1977) Chinatown
25%
The Captain and Me(1973) Clear as the Driven Snow
25%
The Captain and Me(1973) Dark-Eyed Cajun Woman
25%
Toulouse Street(1972) Disciple
25%
Livin' on the Fault Line(1977) Echoes of Love
25%
The Captain and Me(1973) Evil Woman
25%
What Were Once Vices Are Now Habits(1974) Eyes of Silver
25%
What Were Once Vices Are Now Habits(1974) Flying Cloud
25%
Minute by Minute(1978) How Do the Fools Survive?
25%
Stampede(1975) I Cheat the Hangman
25%
Takin' It to the Streets(1976) Losin' End
25%
Stampede(1975) Music Man
25%
The Captain and Me(1973) Natural Thing
25%
One Step Closer(1980) One Step Closer
25%
One Step Closer(1980) Real Love
25%
Takin' It to the Streets(1976) Rio
25%
The Doobie Brothers(1971) Slippery St. Paul
25%
What Were Once Vices Are Now Habits(1974) Spirit
25%
Minute by Minute(1978) Sweet Feelin'
25%
Cycles(1989) Take Me to the Highway
25%
Cycles(1989) The Doctor
25%
The Doobie Brothers(1971) The Master
25%
Minute by Minute(1978) What a Fool Believes
25%
The Captain and Me(1973) Without You
25%
World Gone Crazy(2010) World Gone Crazy
25%
Livin' on the Fault Line(1977) You're Made That Way
25%
Sibling Rivalry(2000) 45th Floor
0%
Takin' It to the Streets(1976) 8th Avenue Shuffle
0%
World Gone Crazy(2010) A Brighter Day
0%
Liberté(2021) Amen Old Friend
0%
Sibling Rivalry(2000) Angels of Madness
0%
What Were Once Vices Are Now Habits(1974) Another Park, Another Sunday
0%
Liberté(2021) Better Days
0%
Liberté(2021) Cannonball
0%
Takin' It to the Streets(1976) Carry Me Away
0%
World Gone Crazy(2010) Chateau
0%
The Doobie Brothers(1971) Chicago
0%
The Doobie Brothers(1971) Closer Every Day
0%
Brotherhood(1991) Dangerous
0%
What Were Once Vices Are Now Habits(1974) Daughters of the Sea
0%
One Step Closer(1980) Dedicate This Heart
0%
World Gone Crazy(Bonus)(2010) Delta Devil Dog
0%
Minute by Minute(1978) Dependin' on You
0%
Farewell Tour(1983) Can't Let It Get Away
0%
Brotherhood(1991) Divided Highway
0%
Sibling Rivalry(2000) Don't Be Afraid
0%
World Gone Crazy(2010) Don't Say Goodbye
0%
Minute by Minute(1978) Don't Stop to Watch the Wheels
0%
Liberté(2021) Don't Ya Mess with Me
0%
Stampede(1975) Double Dealin' Four Flusher
0%
What Were Once Vices Are Now Habits(1974) Down in the Track
0%
Liberté(2021) Easy
0%
Brotherhood(1991) Excited
0%
World Gone Crazy(2010) Far from Home
0%
Sibling Rivalry(2000) Five Corners
0%
Takin' It to the Streets(1976) For Someone Special
0%
Sibling Rivalry(2000) Gates of Eden
0%
Liberté(2021) Good Thang
0%
The Doobie Brothers(1971) Growin' a Little Each Day
0%
Minute by Minute(1978) Here to Love You
0%
Sibling Rivalry(2000) Higher Ground
0%
Stampede(1975) I Been Workin' on You
0%
Cycles(1989) I Can Read Your Mind
0%
World Gone Crazy(2010) I Know We Won
0%
Brotherhood(1991) Is Love Enough
0%
Takin' It to the Streets(1976) It Keeps You Runnin'
0%
The Doobie Brothers(1971) It Won't Be Right
0%
Sibling Rivalry(2000) Jericho
0%
Liberté(2021) Just Can’t Do This Alone
0%
One Step Closer(1980) Just in Time
0%
One Step Closer(1980) Keep This Train A-Rollin
0%
Livin' on the Fault Line(1977) Larry the Logger Two-Step
0%
World Gone Crazy(2010) Law Dogs
0%
Sibling Rivalry(2000) Leave My Heartache Behind
0%
World Gone Crazy(Bonus)(2010) Lie to Me
0%
World Gone Crazy(Bonus)(2010) Little Prayer
0%
Toulouse Street(1972) Mamaloi
0%
World Gone Crazy(2010) My Baby
0%
Stampede(1975) Neal's Fandango
0%
Livin' on the Fault Line(1977) Need a Lady
0%
World Gone Crazy(Bonus)(2010) New York Dream
0%
One Step Closer(1980) No Stoppin' Us Now
0%
Livin' on the Fault Line(1977) Nothin' But a Heartache
0%
Liberté(2021) Oh Mexico
0%
Farewell Tour(1983) Olana
0%
World Gone Crazy(2010) Old Juarez
0%
One Step Closer(1980) One by One
0%
Sibling Rivalry(2000) On Every Corner
0%
Minute by Minute(1978) Open Your Eyes
0%
Sibling Rivalry(2000) Ordinary Man
0%
Brotherhood(1991) Our Love
0%
Sibling Rivalry(2000) People Gotta Love Again
0%
Stampede(1975) Précis
0%
What Were Once Vices Are Now Habits(1974) Pursuit on 53rd St.
0%
Stampede(1975) Rainy Day Crossroad Blues
0%
What Were Once Vices Are Now Habits(1974) Road Angel
0%
Sibling Rivalry(2000) Rocking Horse
0%
Brotherhood(1991) Rollin' On
0%
Liberté(2021) Shine Your Light
0%
Brotherhood(1991) Showdown
0%
Stampede(1975) Slack Key Soquel Rag
0%
Rockin' down the Highway: The Wildlife Concert(1996) Slow Burn
0%
Toulouse Street(1972) Snake Man
0%
Brotherhood(1991) Something You Said
0%
What Were Once Vices Are Now Habits(1974) Song to See You Through
0%
One Step Closer(1980) South Bay Strut
0%
Cycles(1989) South of the Border
0%
Minute by Minute(1978) Steamer Lane Breakdown
0%
Stampede(1975) Sweet Maxine
0%
What Were Once Vices Are Now Habits(1974) Tell Me What You Want (And I'll Give You What You Need)
0%
Stampede(1975) Texas Lullaby
0%
Liberté(2021) The American Dream
0%
Livin' on the Fault Line(1977) There's a Light
0%
Brotherhood(1991) This Train I'm On
0%
Cycles(1989) Time Is Here and Gone
0%
Cycles(1989) Tonight I'm Coming Through (The Border)
0%
Cycles(1989) Too High a Price
0%
The Doobie Brothers(1971) Travelin' Man
0%
Takin' It to the Streets(1976) Turn It Loose
0%
Brotherhood(1991) Under the Spell
0%
Liberté(2021) We Are More Than Love
0%
Liberté(2021) Wherever We Go
0%
Toulouse Street(1972) White Sun
0%
Cycles(1989) Wrong Number
0%
What Were Once Vices Are Now Habits(1974) You Just Can't Stop It
0%
Minute by Minute(1978) You Never Change
0%
World Gone Crazy(2010) Young Man's Game
0%
No matching quizzes found
Score Distribution
Percent of People with Each Score
Percentile by Number Answered
Your Score History
You have not taken this quiz